| 000 | 00684nam a2200229Ia 4500 | ||
|---|---|---|---|
| 003 | OSt | ||
| 005 | 20220918205127.0 | ||
| 006 | a|||||r|||| 00| 0 | ||
| 007 | ta | ||
| 008 | 220917b |||||||| |||| 00| 0 eng d | ||
| 024 | _a115,457 | ||
| 037 | _cTextual | ||
| 040 |
_aARTS _cARTS _beng |
||
| 041 |
_2eng _aeng |
||
| 082 | _aV6:71, J5 (906) | ||
| 100 |
_aHamilton R A Ed _9114234 |
||
| 245 | 0 |
_aHistory and archaeology in Africa _b Report of a Conference held in July 1953 at the School of Oriental and African Studies |
|
| 260 |
_aNA _bNA _c1955 |
||
| 650 | _aHISTORY | ||
| 942 |
_hV6:71, J5 (906) _cTEXL _2CC |
||
| 999 |
_c238786 _d238786 |
||